Taine műbölcselete.
Elmentve itt :
| Szerző: | |
|---|---|
| Adatforrás: | Philobibl |
| Forrásdokumentuma: | Erdélyi Múzeum 11-12.(33-34.) 1916-1917. 52-64.p. |
| Dokumentumtípus: | Cikk |
| Nyelv: | magyar |
| Online elérés: | szabadon hozzáférhető |
| LEADER | 00375nab a2200109 c 4500 | ||
|---|---|---|---|
| 001 | bibDOK00023876 | ||
| 005 | 20220617144304.4 | ||
| 008 | 060518s1916 hu hun | ||
| 100 | 1 | |a Nagy József | |
| 245 | 1 | 0 | |a Taine műbölcselete. |c Nagy József |
| 773 | 0 | |t Erdélyi Múzeum |g 11-12.(33-34.) 1916-1917. 52-64.p. | |
| 856 | 4 | 1 | |3 Full text |u https://eda.eme.ro/handle/10598/4537 |z szabadon hozzáférhető |